Riccardo Andrea Borello. (Record n. 38042)
[ formato base ]
| 000 -LEADER | |
|---|---|
| fixed length control field | 01450nam a22001817a 4500 |
| 003 - CONTROL NUMBER IDENTIFIER | |
| control field | IT-RoPau |
| 005 - DATE AND TIME OF LATEST TRANSACTION | |
| control field | 20220918175941.0 |
| 008 - FIXED-LENGTH DATA ELEMENTS--GENERAL INFORMATION | |
| fixed length control field | 130209b xxu||||| |||| 00| 0 eng d |
| 040 ## - CATALOGING SOURCE | |
| Transcribing agency | IT-RoPau |
| 100 ## - MAIN ENTRY--PERSONAL NAME | |
| Personal name | Sgarbossa, Eliseo |
| 9 (RLIN) | 400 |
| 245 ## - TITLE STATEMENT | |
| Title | Riccardo Andrea Borello. |
| Remainder of title | Una vita donata sulle strade del Vangelo. |
| 250 ## - EDITION STATEMENT | |
| Edition statement | I |
| 260 ## - PUBLICATION, DISTRIBUTION, ETC. (IMPRINT) | |
| Place of publication, distribution, etc. | Roma |
| Name of publisher, distributor, etc. | Postulazione Generale della SSP |
| Date of publication, distribution, etc. | 1990 |
| 300 ## - PHYSICAL DESCRIPTION | |
| Extent | 79 p. |
| Dimensions | 21 cm |
| 490 ## - SERIES STATEMENT | |
| Series statement | Società San Paolo |
| Volume/sequential designation | I |
| 520 ## - SUMMARY, ETC. | |
| Summary, etc. | Indice<br/><br/>Al lettore<br/> 1. Che significa essere "orfani di guerra"<br/> 2. La scuola di una madre<br/> 3. Un ragazzo negli "anni ruggenti"<br/> 4. L'eredità più preziosa<br/> 5. Il fascino di Maggiorino Vigolungo<br/> 6. Nel campo di Dio<br/> 7. In divisa<br/> 8. Novizio della Città eterna<br/> 9. Quanto pesa la carta<br/>10. I sandali dell'Apostolo e la guerra<br/>11. " Tra lo spago e la bandiera..."<br/>12. Apprendisti e discepoli<br/>13. " Un apostolo non sta mai in ozio"<br/>14. Rispettando le priorità<br/>15. Studiare: perché?<br/>16. " Essere più furbi del diavolo"<br/>17. Un amico fraterno<br/>18. Passegiate "in avanscoperta"<br/>19. " Nessuno ha un amore più grande..."<br/>20. L'ultima " Via Crucis"<br/>21. " Nell'ora della nostra morte..."<br/>22. "Come un giorno di festa"<br/>23. L'esaltazione di un umile<br/>24. Un santo in tuta di lavoro<br/>25. Un cristiano-apostolo per il nostro <br/> tempo<br/><br/>Appendice<br/> Le preghiere che recitava Fr. Andrea<br/> Borello<br/> Altre pubblicazioni su Fr. Andrea<br/> Borello |
| 942 ## - ADDED ENTRY ELEMENTS (KOHA) | |
| Source of classification or shelving scheme | Dewey Decimal Classification |
| Koha item type | LIBRO |
| Withdrawn status | Lost status | Source of classification or shelving scheme | Damaged status | Not for loan | Home library | Current library | Date acquired | Total Checkouts | Full call number | Date last seen | Price effective from | Koha item type |
|---|---|---|---|---|---|---|---|---|---|---|---|---|
| Dewey Decimal Classification | Buone Condizioni | Not For Loan | PAULUS-BIBLIOTECA | PAULUS-BIBLIOTECA | 09/02/2013 | P B6 | 09/02/2013 | 09/02/2013 | LIBRO | |||
| Dewey Decimal Classification | Buone Condizioni | Not For Loan | PAULUS-BIBLIOTECA | PAULUS-BIBLIOTECA | 09/02/2013 | P B6 | 09/02/2013 | 09/02/2013 | LIBRO | |||
| Dewey Decimal Classification | Buone Condizioni | Not For Loan | PAULUS-BIBLIOTECA | PAULUS-BIBLIOTECA | 09/02/2013 | P B6 | 09/02/2013 | 09/02/2013 | LIBRO |